| 000 | 01010nam a2200265 a 4500 | ||
|---|---|---|---|
| 001 | 000026147 | ||
| 005 | 20200930024337.0 | ||
| 008 | 110302s1985 ag ac r 000 0 spa d | ||
| 020 | _a9501800636 | ||
| 040 |
_aDO-SdBNP _bspa _cBNPHU |
||
| 041 | 1 | 7 |
_aspa _heng _2Código de idioma MARC |
| 082 |
_a305.4 _bN175m |
||
| 100 | 1 |
_aElsasser, Nan _953129 |
|
| 245 | 1 | 4 |
_aLas mujeres : _bconversaciones con la comunidad hispánica / _cKyle MacKenzie, Yvonne Tixier y Vigil, traducción Graciela Arancibia. |
| 260 |
_aBuenos Aires, (Argentina) : _bEdiciones Tres Tiempos, _c[1985]. |
||
| 300 |
_a148, [1] p. : _bil., ; _c20 cm. |
||
| 534 |
_aTítulo de la obra editada en inglés: _tLas mujeres, conversations from a Hispanic community |
||
| 650 | 4 |
_aTrabajo de la mujer _92064 |
|
| 650 | 4 |
_aTrabajo social con mujeres _92566 |
|
| 650 | 4 |
_aEducación de la mujer _928602 |
|
| 700 | 1 |
_aMacKenzie Kyle _953130 |
|
| 700 | 1 |
_aTixier y Vigil, Yvonne _953131 |
|
| 700 | 1 |
_aArancibia, Graciela, _etr. _910663 |
|
| 049 | _aBNGR | ||
| 999 |
_c25639 _d25639 |
||